ABA Journal

Detalles Bibliográficos
Formato: eBook
Lenguaje:inglés
Publicado: Chicago: American Bar Association, 2017 -
Materias:
Acceso en línea:Acceso restringido

MARC

LEADER 00000nam a22000007a 4500
005 20210225215218.0
007 cr|||| |||
008 210225c20179999us n|w s|||| 0|||b1eng d
022 |a 0747-0088 
035 |a 31373 
040 |a vLex 
090 |c 11284  |d 11284 
245 0 0 |a ABA Journal  |h [Recurso electrn̤ico] / 
256 |a Servicio en ln̕ea 
260 |a Chicago:  |b American Bar Association,  |c 2017 - 
300 |a 1 recurso electrn̤ico 
310 |a Irregular 
506 1 |a Disponible solo en los productos indicados  |d vLex Global  |d vLex Global (Academic Edition, excluding Law Schools)  |d vLex Global (Academic Edition, Law Schools) 
650 0 4 |a Derecho Civil  |z Estados Unidos 
740 0 |a vLex Revistas (Servicio en ln̕ea) 
856 4 0 |u http://vlex.com/source/aba-journal-31373  |z Acceso restringido 
942 |c REV 
999 0 |a Civil Law